The 10 poorest countries in the world - Statistics

General Stats
  • This quiz has been taken 9 times
  • The average score is 7 of 10
Answer Stats
National GDP Answer % Correct
3 billion $ Central African Republic
88%
13 billion $ Malawi
88%
4,5 billion $ Burundi
75%
20 billion $ Mozambique
75%
4 billion $ South Sudan
75%
23 billion $ Yémen
75%
65 billion $ Democratic Republic of Congo
63%
5 billion $ Libéria
63%
15 billion $ Niger
63%
18 billion $ Madagascar
50%
No matching quizzes found
Score Distribution
Percent of People with Each Score
Percentile by Number Answered
Your Score History
You have not taken this quiz